Cuaderno de trabajo Historia: 4§ Medio

Сохранить в:
Библиографические подробности
Соавтор: Preuniversitario Pedro de Valdivia (Автор)
Формат:
Язык:испанский
Опубликовано: Santiago Mare Nostrum 2007
Редактирование:1a. ed
Серии:PSU
Предметы:
Метки: Добавить метку
Нет меток, Требуется 1-ая метка записи!

MARC

LEADER 00000nam a2200000 a 4500
001 UCH8271
003 CL-VaPUC
008 091127e20070200CL |||||||||||||||||spa|d
020 |a 9562941876 
082 0 4 |a 371.264  |b PRE  |2 21 
110 2 |a Preuniversitario Pedro de Valdivia  |e author  |9 544752 
245 1 0 |a Cuaderno de trabajo Historia: 4§ Medio 
250 |a 1a. ed 
300 |a 164 p 
942 |c BK 
945 |d 20091127 00:00:00  |a lazolas 
260 |a Santiago  |b Mare Nostrum  |c 2007 
500 |a Ejercicios tipo PSU organizados por áreas de contenidos y ejes temáticos 
600 0 7 |a CHILE  |2 CL-VaPUC  |9 544753 
600 0 7 |a AMERICA LATINA  |2 CL-VaPUC  |9 540875 
600 0 7 |a ESTADOS UNIDOS  |2 CL-VaPUC  |9 495181 
600 0 7 |a UNION SOVIETICA  |2 CL-VaPUC  |9 408965 
600 0 7 |a CHINA  |2 CL-VaPUC  |9 544754 
600 0 7 |a JAPON  |2 CL-VaPUC  |9 544755 
600 0 7 |a EUROPA  |2 CL-VaPUC  |9 381137 
650 0 |a Educación  |9 258661 
650 0 |a Educación superior   |9 223851 
650 0 |a Evaluación de la educación   |9 237505 
650 7 |a PRUEBA DE SELECCION UNIVERSITARIA  |2 CL-VaPUC  |9 537094 
650 7 |a PSU  |2 CL-VaPUC  |9 497802 
650 0 |a Historia universal  |9 266877 
650 0 |a Economía   |9 255568 
650 0 |a Guerra Fría   |9 319648 
650 0 |a Neoliberalismo  |9 330090 
650 0 |a Geografía física   |9 259347 
650 0 |a Relaciones Exteriores  |9 255379 
650 0 |a Desarrollo humano  |9 349614 
651 7 |a CHILE  |2 CL-VaPUC  |9 544753 
583 |a last modification  |c 20091127 00:00:00  |k Rodrigo Vera 
490 0 |a PSU 
999 |c 338501  |d 338499